|
|
|
|
| LEADER |
00000nas a2200000 a 4500 |
| 001 |
vtls001362967 |
| 003 |
SK-MaSNL |
| 005 |
20260221112610.0 |
| 008 |
990511c19uu9999hu ar 0 0b0hun |
| 022 |
|
|
|a 0524-9066
|
| 035 |
|
|
|a SNK000316563
|
| 040 |
|
|
|a SNK
|b slo
|c SNK
|
| 041 |
|
|
|a hun
|b eng
|b ger
|
| 044 |
|
|
|a hu
|c HU
|
| 245 |
1 |
|
|a Az Egyetemi Könyvtár évkönyvei
|
| 246 |
1 |
3 |
|a Annales Bibliothecae Universitatis de Rolando Eötvös Nominatae
|
| 260 |
|
|
|a Budapest
|b Eötvös Loránd Tudományegyetem Egyetemi Könyvtára
|
| 300 |
|
|
|a zv.
|c 24 cm
|
| 310 |
|
|
|a 1x ročne
|
| 500 |
|
|
|a Pois podľa: Roč. 12 (2005)
|
| 910 |
|
|
|a snk
|
| 999 |
|
|
|c 550
|d 2480
|
| 952 |
|
|
|0 0
|1 1
|4 0
|7 0
|8 2
|a SNK
|b SNK
|d 2006-02-06
|g 5.68
|i snk2006/2333
|l 0
|o snkČC 2605/12/2005
|p 17A0488537
|r 2026-02-21 19:46:47
|w 2026-02-21
|y PREZ
|
| 952 |
|
|
|0 0
|1 1
|4 0
|7 0
|a SNK
|b SNK
|d 1999-05-11
|l 0
|o snkČC 2605/4/1968
|p 17A0193856
|r 2005-01-02 00:00:00
|w 2026-02-21
|y PREZ
|
| 952 |
|
|
|0 0
|1 1
|4 0
|7 0
|8 2
|a SNK
|b SNK
|d 2003-05-05
|g 5.68
|i snkV 808/2003
|l 0
|o snkČC 2605/7-8/1995-1997
|p 17A0380682
|r 2005-01-02 00:00:00
|w 2026-02-21
|y PREZ
|